000
00334nam a2200145Ia 4500
003
OSt
005
20240229102136.0
008
170523s9999 xx 000 0 und d
020
_a
978-0877095248
040
_c
iimt
100
_a
MORTIN
245
0
_a
PRODUCTION OPERATION MANAGEMENT
260
_b
THOMSON ,,,VIKAS
942
_2
ddc
_c
01
999
_c
1889
_d
1889